[Event "International Championship of Central Serbia 2015 - OPEN A"]
[Site "Paracin"]
[Date "2015.07.07"]
[Round "6.52"]
[White "Kucuksari, Kaan"]
[Black "Martic, Zlatko"]
[Result "0-1"]
[WhiteElo "1981"]
[BlackElo "2299"]
[PlyCount "86"]
[EventDate "2015.07.03"]

1. d4 Nf6 2. Nf3 e6 3. c4 c5 4. d5 exd5 5. cxd5 d6 6. Nc3 a6 7. a4 g6 8. Bf4
Bg7 9. h3 O-O 10. e3 Qe7 11. Be2 Nbd7 12. O-O Ne8 13. Nd2 Ne5 14. Bg3 f5 15. a5
g5 16. f4 Ng6 17. Nc4 Bd7 18. fxg5 Qxg5 19. Kh2 Ne5 20. Nb6 Rd8 21. Bf4 Qe7 22.
Nxd7 Rxd7 23. g4 fxg4 24. Bxg4 Nxg4+ 25. Qxg4 Kh8 26. Ra4 Nf6 27. Qe6 Qd8 28.
Bg5 Re7 29. Qf5 Re5 30. Qf4 Qe8 31. Bh6 Bxh6 32. Qxh6 Rh5 33. Qf4 Ng4+ 34. Qxg4
Rxf1 35. Re4 Re5 36. Qg2 Rf8 37. Rh4 Rxe3 38. Re4 Rxe4 39. Qxe4 Rf2+ 40. Kg3
Qxe4 41. Nxe4 Rxb2 42. Nxd6 Rd2 43. Nxb7 Rxd5 0-1

[Event "International Championship of Central Serbia 2015 - OPEN A"]
[Site "Paracin"]
[Date "2015.07.07"]
[Round "6.53"]
[White "Ludvigsen, Frode"]
[Black "Tisma, Ivan"]
[Result "0-1"]
[WhiteElo "2085"]
[BlackElo "2206"]
[PlyCount "66"]
[EventDate "2015.07.03"]

1. d4 d6 2. c4 g6 3. Nc3 Bg7 4. e4 Nd7 5. f4 e6 6. Nf3 Ne7 7. Be3 O-O 8. Bd3 c5
9. d5 exd5 10. cxd5 a6 11. a4 Re8 12. Qd2 Qc7 13. O-O Rb8 14. Rae1 c4 15. Bc2
b5 16. axb5 axb5 17. e5 Nc5 18. Kh1 Bf5 19. Bxf5 gxf5 20. exd6 Qxd6 21. Bxc5
Qxc5 22. d6 Rbd8 23. Rxe7 Rxe7 24. dxe7 Qxe7 25. Qc2 b4 26. Ne2 Qe4 27. Rc1 Rd3
28. Kg1 c3 29. bxc3 Bxc3 30. Nxc3 Qe3+ 31. Kf1 Rxc3 32. Re1 Qxf4 33. Qd2 Rxf3+
0-1

[Event "International Championship of Central Serbia 2015 - OPEN A"]
[Site "Paracin"]
[Date "2015.07.07"]
[Round "6.54"]
[White "Henriksen, Geir"]
[Black "Lazov, Toni"]
[Result "1-0"]
[WhiteElo "2192"]
[BlackElo "2141"]
[Annotator "Natasa"]
[PlyCount "71"]
[EventDate "2015.07.03"]

1. c4 g6 2. g3 Bg7 3. Bg2 d6 4. Nc3 Nf6 5. e4 e5 6. Nge2 O-O 7. O-O Be6 8. d3
Qd7 9. b3 c6 10. d4 exd4 11. Nxd4 Bg4 12. f3 Bh3 13. Bxh3 Qxh3 14. Nde2 Qd7 15.
Bg5 Na6 16. Qd2 Rad8 17. Rad1 Nc5 18. Kg2 Rfe8 19. Be3 Qc7 20. Rfe1 Ne6 21. Nf4
b6 22. Nxe6 Rxe6 23. Bd4 Rde8 24. Ne2 Rd8 25. Nf4 Re7 26. b4 Ne8 27. b5 Bh6 28.
Be3 Bxf4 29. Bxf4 cxb5 30. cxb5 Qc4 31. Qb2 Rc8 32. Rc1 Qe6 33. Rc6 Rxc6 34.
bxc6 Qc8 35. h4 Re6 36. Rc1 {unradable} 1-0

[Event "International Championship of Central Serbia 2015 - OPEN A"]
[Site "Paracin"]
[Date "2015.07.07"]
[Round "6.55"]
[White "Johansson, Thomas"]
[Black "Perovic, Zivojin"]
[Result "1-0"]
[WhiteElo "2180"]
[BlackElo "2042"]
[PlyCount "147"]
[EventDate "2015.07.03"]

1. d4 Nf6 2. Nf3 g6 3. g3 Bg7 4. Bg2 O-O 5. O-O d6 6. a4 a5 7. Nbd2 Nbd7 8. Nc4
c5 9. e3 Qc7 10. Na3 d5 11. Nb5 Qd8 12. Ne5 e6 13. b3 Nxe5 14. dxe5 Ne8 15. Bb2
Bd7 16. c4 Bc6 17. f4 b6 18. Qd2 Qd7 19. Rad1 Rd8 20. Bf3 Bxb5 21. axb5 Nc7 22.
Qg2 Qe7 23. g4 dxc4 24. bxc4 f6 25. exf6 Bxf6 26. g5 Bg7 27. h4 e5 28. Bc1 exf4
29. exf4 Bd4+ 30. Kh1 Qf7 31. Qc2 Qf5 32. Qxf5 gxf5 33. Bc6 Rf7 34. Rfe1 Kf8
35. h5 Re7 36. Kg2 Rxe1 37. Rxe1 Rd6 38. Kf3 Ne6 39. Bd5 Nc7 40. Bb7 Re6 41.
Rh1 Re8 42. Bc6 Re7 43. h6 Kf7 44. Rd1 Kg6 45. Rd3 Kf7 46. Bd2 Kg6 47. Ra3 Ne8
48. Bxa5 bxa5 49. Rxa5 Nd6 50. Ra6 Kh5 51. Kg3 Ne4+ 52. Kh3 Nxg5+ 53. fxg5 Kxg5
54. b6 Re2 55. Kg3 Be5+ 56. Kf3 Rd2 57. Ra7 Kxh6 58. Re7 Bh2 59. b7 Rd8 60. Bd7
Kg6 61. Re6+ Kg5 62. Be8 Bb8 63. Bb5 Bh2 64. Rc6 Rb8 65. Ba6 Bg1 66. Rc8 Bh2
67. Rxc5 h5 68. Rc8 h4 69. c5 h3 70. c6 Be5 71. c7 h2 72. Kg2 f4 73. cxb8=Q f3+
74. Kh1 1-0

[Event "International Championship of Central Serbia 2015 - OPEN A"]
[Site "Paracin"]
[Date "2015.07.07"]
[Round "6.56"]
[White "Sahin, Ozgun"]
[Black "Djordjevic, Gradimir"]
[Result "1-0"]
[WhiteElo "2106"]
[BlackElo "2111"]
[Annotator "Natasa"]
[PlyCount "66"]
[EventDate "2015.07.03"]

1. d4 Nf6 2. Nc3 d5 3. Bg5 c6 4. Qd2 Bf5 5. f3 Nbd7 6. e3 Qa5 7. Bd3 Bxd3 8.
cxd3 e6 9. Nge2 h6 10. Bh4 Be7 11. O-O O-O 12. Qe1 Qa6 13. Rd1 b5 14. Nc1 Rfe8
15. e4 b4 16. N3e2 Qb6 17. Kh1 a5 18. e5 Nh7 19. Bxe7 Rxe7 20. f4 f5 21. g4
fxg4 22. Qh4 Rf7 23. Qxg4 c5 24. Nb3 Nhf8 25. dxc5 Nxc5 26. Nbd4 Kh7 27. Rf3
Ng6 28. Rg1 Ne7 29. Rh3 Rg8 30. Nf3 Rgf8 31. Ng5+ Kh8 32. Nd4 Ne4 33. dxe4 Qxd4
{unreadable} 1-0